000 00678nam a2200181 a 4500
001 000041017
005 20201002034544.0
008 130913s1976 sp 001 0 spa d
020 _a8400036263
040 _aDO-SdBNP
_bspa
_cBNPHU
245 0 0 _aBibliografía del Arte en España :
_bArticulos de revistas clasificados por materias /
_cMaria Paz Aguilo...[et.al].
260 _aMadrid :
_bConsejo Superior de Investigaciones Científicas,
_c1976.
300 _a664 p. ;
_c27 cm.
504 _aBibliografía : p. 909-942
700 1 _aPaz Aguilo, María
_967481
710 2 _aConsejo Superior de Investigaciones Científicas
_94786
710 2 _aInstituto Diego Velázquez,
_967482
999 _c40507
_d40507